[Event "Novo Mesto op"]
[Site "Novo Mesto"]
[Date "2023.10.28"]
[Round "1"]
[White "Sirk, Matija"]
[Black "Park, Seonjae"]
[Result "0-1"]
[WhiteElo "1612"]
[BlackElo "1878"]
[PlyCount "64"]
[EventDate "2023.10.28"]
[EventType "swiss"]
[EventRounds "9"]
[EventCountry "SLO"]
[SourceTitle "CB48_2023"]
[SourceDate "2023.11.29"]
[SourceVersion "1"]
[SourceVersionDate "2023.11.29"]
[SourceQuality "1"]

1. e4 c5 2. Nf3 d6 3. d4 cxd4 4. Nxd4 Nf6 5. Nc3 a6 6. Be2 e5 7. Nb3 Be7 8. Bg5 Nbd7 9. a4 b6 10. Nd2 Bb7 11. Nc4 Qc7 12. Ne3 Nc5 13. Bxf6 Bxf6 14. Ned5 Qd8 15. b4 Nd7 16. Qd3 Bg5 17. Rd1 g6 18. Bg4 Nf8 19. h4 Bxh4 20. Rxh4 f5 21. exf5 Qxh4 22. Nc7+ Kf7 23. Qc4+ Kg7 24. Rxd6 Rc8 25. f6+ Kh6 26. Qe2 Rxc7 27. Qe3+ g5 28. Qxe5 Ng6 29. f7 Rxf7 30. Qxh8 Qxf2+ 31. Kd1 Qf1+ 32. Kd2 Qf4+ 0-1

[Event "Nova Gorica op 27th"]
[Site "Nova Gorica"]
[Date "2023.03.22"]
[Round "8"]
[White "Pirs, Matjaz1111"]
[Black "Sirk, Matija"]
[Result "1-0"]
[WhiteElo "1944"]
[BlackElo "1535"]
[PlyCount "83"]
[EventDate "2023.03.16"]
[EventType "swiss"]
[EventRounds "9"]
[EventCountry "SLO"]
[SourceTitle "CBM 213 Extra"]
[Source "ChessBase"]
[SourceDate "2023.05.31"]
[SourceVersion "1"]
[SourceVersionDate "2023.05.31"]
[SourceQuality "1"]

1. d4 Nf6 2. Nf3 c5 3. c4 cxd4 4. Nxd4 e5 5. Nb5 d5 6. cxd5 Bc5 7. e3 0-0 8. Be2 a6 9. N5c3 b5 10. a3 Bf5 11. b4 Bd6 12. Nd2 e4 13. Nb3 Be5 14. Nd4 Qc7 15. Bb2 Bg6 16. Rc1 Qd6 17. Ndxb5 axb5 18. Nxb5 Qe7 19. d6 Qe8 20. Nc7 Bxb2 21. Nxe8 Rxe8 22. Rc2 Bxa3 23. 0-0 Bxb4 24. Qd4 Ba5 25. Bb5 Nbd7 26. Bxd7 Nxd7 27. Qa4 Nb6 28. Qb5 Reb8 29. Ra2 f5 30. Rxa5 Rxa5 31. Qxa5 Nd7 32. h4 Rf8 33. Rc1 Be8 34. Rc7 h6 35. Qd5+ Kh8 36. Qe6 Nf6 37. Qxf5 Kg8 38. Qe5 Kh8 39. Qe7 Rg8 40. d7 Bxd7 41. Rxd7 Nxd7 42. Qxd7 1-0

[Event "Ljubljana-chT 75th"]
[Site "Ljubljana"]
[Date "2023.01.26"]
[Round "3.4"]
[White "Markic, Vladimir"]
[Black "Sirk, Matija"]
[Result "1/2-1/2"]
[WhiteElo "1596"]
[BlackElo "1535"]
[PlyCount "53"]
[EventDate "2023.01.12"]
[EventType "team-swiss"]
[EventRounds "9"]
[EventCountry "SLO"]
[SourceTitle "EXT 2024"]
[Source "ChessBase"]
[SourceDate "2023.10.10"]
[SourceVersion "1"]
[SourceVersionDate "2023.10.10"]
[SourceQuality "1"]
[WhiteTeam "Trzin Pekos Pub"]
[BlackTeam "Vrhnika"]
[WhiteTeamCountry "SLO"]
[BlackTeamCountry "SLO"]

1. d4 Nf6 2. e3 d6 3. Nf3 Bf5 4. Bd3 Bxd3 5. Qxd3 Nbd7 6. 0-0 e5 7. dxe5 Nxe5 8. Nxe5 dxe5 9. Qb5+ Nd7 10. Qxb7 Bd6 11. Nc3 0-0 12. b3 Nc5 13. Qf3 e4 14. Qh3 Be5 15. Bb2 Qf6 16. Nd5 Bxh2+ 17. Qxh2 Qxb2 18. Qxc7 Ne6 19. Qc3 Qxc3 20. Nxc3 Rfc8 21. Nxe4 Rxc2 22. Rfc1 Rac8 23. Rxc2 Rxc2 24. Nd6 Kf8 25. Nc4 Nc5 26. Na3 Rb2 27. Nc4 1/2-1/2

[Event "Ljubljana-chT 73rd"]
[Site "Ljubljana"]
[Date "2020.01.23"]
[Round "2.3"]
[White "Sirk, Matija"]
[Black "Markic, Vladimir"]
[Result "1/2-1/2"]
[WhiteElo "1503"]
[BlackElo "1636"]
[PlyCount "30"]
[EventDate "2020.01.16"]
[EventType "team-swiss"]
[EventRounds "6"]
[EventCountry "SLO"]
[SourceTitle "EXT 2024"]
[Source "ChessBase"]
[SourceDate "2023.10.10"]
[SourceVersion "1"]
[SourceVersionDate "2023.10.10"]
[SourceQuality "1"]
[WhiteTeam "Vrhnika Mladi"]
[BlackTeam "Trzin Pekos Pub"]
[WhiteTeamCountry "SLO"]
[BlackTeamCountry "SLO"]

1. e4 e6 2. d4 b6 3. Nc3 Bb7 4. Bd3 d5 5. Nf3 c5 6. exd5 exd5 7. 0-0 Nf6 8. Re1+ Be7 9. Qe2 c4 10. Bf5 Nc6 11. Bg5 0-0 12. Qe3 Re8 13. Ne5 g6 14. Nxc6 Bxc6 15. Bxf6 Bxf6 1/2-1/2

[Event "SLO-chT Central 1st League 20th"]
[Site "Slovenia"]
[Date "2019.09.26"]
[Round "3.4"]
[White "Sirk, Matija"]
[Black "Grasic, Marjan"]
[Result "1-0"]
[WhiteElo "1322"]
[BlackElo "1756"]
[PlyCount "73"]
[EventDate "2019.09.12"]
[EventType "team-tourn"]
[EventRounds "9"]
[EventCountry "SLO"]
[SourceTitle "EXT 2024"]
[Source "ChessBase"]
[SourceDate "2023.10.10"]
[SourceVersion "1"]
[SourceVersionDate "2023.10.10"]
[SourceQuality "1"]
[WhiteTeam "Vrhnika"]
[BlackTeam "Menges Trzin II"]
[WhiteTeamCountry "SLO"]
[BlackTeamCountry "SLO"]

1. e4 e5 2. Nf3 Nc6 3. Bc4 Bc5 4. d3 d6 5. c3 Nf6 6. 0-0 Na5 7. Bxf7+ Kxf7 8. b4 Bb6 9. bxa5 Bxa5 10. Qb3+ Kf8 11. Ba3 b6 12. Nxe5 Qe7 13. d4 Be6 14. d5 Bd7 15. f4 b5 16. Nxd7+ Qxd7 17. Nd2 Bb6+ 18. Kh1 a5 19. e5 a4 20. Qd1 Nxd5 21. Nc4 Nxc3 22. Nxb6 cxb6 23. Qf3 Rc8 24. Bxd6+ Kf7 25. Rfe1 Qc6 26. Qh3 g6 27. f5 Ne4 28. fxg6+ Kxg6 29. Qe6+ Kh5 30. Qf5+ Kh6 31. Qxe4 Qxe4 32. Rxe4 Rc2 33. e6 Re8 34. e7 Kg6 35. Rf1 Rd2 36. Bb4 Rxa2 37. h3 1-0

[Event "FICGS class A 000208 email"]
[Site "FICGS email"]
[Date "2019.03.13"]
[Round "1"]
[White "Cleto, Dirceu Jr"]
[Black "Sirk, Matija"]
[Result "1-0"]
[WhiteElo "2226"]
[BlackElo "2134"]
[PlyCount "27"]
[EventDate "2019.??.??"]
[EventType "tourn (corr)"]
[EventRounds "6"]
[SourceTitle "Corr 2022"]
[Source "ChessBase"]
[SourceDate "2021.10.24"]
[SourceVersion "1"]
[SourceVersionDate "2021.10.24"]
[SourceQuality "1"]

1. d4 Nf6 2. Bg5 d5 3. e3 c5 4. Bxf6 gxf6 5. dxc5 Nc6 6. Bb5 e6 7. Nf3 Qa5+ 8. Nc3 Bxc5 9. Nd4 Qc7 10. Qg4 Bd7 11. Qg7 0-0-0 12. Qxf6 Rhg8 13. Bxc6 bxc6 14. Nb3 1-0

[Event "FICGS class C 000301 email"]
[Site "FICGS email"]
[Date "2019.03.05"]
[Round "1"]
[White "Gossmann, Ewald J"]
[Black "Sirk, Matija"]
[Result "1-0"]
[WhiteElo "2089"]
[BlackElo "2134"]
[PlyCount "31"]
[EventDate "2019.??.??"]
[EventType "tourn (corr)"]
[EventRounds "1"]
[SourceTitle "Corr 2022"]
[Source "ChessBase"]
[SourceDate "2021.10.24"]
[SourceVersion "1"]
[SourceVersionDate "2021.10.24"]
[SourceQuality "1"]

1. e4 c5 2. Nf3 d6 3. d4 cxd4 4. Nxd4 Nf6 5. Nc3 a6 6. Be3 e5 7. Nb3 Be6 8. Be2 Be7 9. Qd3 0-0 10. 0-0 Nbd7 11. Nd5 Bxd5 12. exd5 Ne8 13. a4 g6 14. c4 a5 15. Bh6 Ng7 16. Qd2 1-0

[Event "FICGS class A 000207 email"]
[Site "FICGS email"]
[Date "2019.03.03"]
[Round "1"]
[White "Sirk, Matija"]
[Black "Faust, Dieter"]
[Result "0-1"]
[WhiteElo "2134"]
[BlackElo "2015"]
[PlyCount "32"]
[EventDate "2019.??.??"]
[EventType "tourn (corr)"]
[EventRounds "6"]
[SourceTitle "Corr 2022"]
[Source "ChessBase"]
[SourceDate "2021.10.24"]
[SourceVersion "1"]
[SourceVersionDate "2021.10.24"]
[SourceQuality "1"]

1. e4 c5 2. Nf3 Nc6 3. d4 cxd4 4. Nxd4 g6 5. c4 Bg7 6. Be3 d6 7. Nc3 Nh6 8. Be2 0-0 9. 0-0 f5 10. exf5 Nxf5 11. Nxf5 Bxf5 12. Rc1 Rc8 13. Qd5+ Kh8 14. b3 h6 15. Qd2 g5 16. Nb5 a6 0-1